LEADER 01087nam0 22003013i 450 001 CAG1408202 005 20170908093303.0 100 $a20120727d1988 ||||0itac50 ba 101 | $aita 102 $ait 181 1$6z01$ai $bxxxe 182 1$6z01$an 200 1 $aSussi e Biribissi$fPaolo Lorenzini$gillustrazioni di Gianluca Borracino 210 $a[S.l.]$cGherardo Casini$dstampa 1988 215 $a175 p., [8] c. di tav.$cill.$d25 cm. 225 | $a˜I œclassici 410 0$1001RAV0122655$12001 $a˜I œclassici 676 $a853.91$9NARRATIVA ITALIANA, 1900-1999$v21 700 0$aCollodi Nipote$3CFIV056426$4070$0744893 702 1$aBorracino$b, Gianluca$3RAVV050483 790 1$aLorenzini$b, Paolo$3CFIV056427$zCollodi Nipote 801 3$aIT$bIT-NA0079$c20120727 850 $aIT-BN0077 912 $aCAG1408202 950 0$aRIBAB - Biblioteca comunale S.Anselmo$c1 v.$d 45RAG 853 LOR /1$e 45 0000067695 B 1 v.$fT $h20120727$i20120727 977 $a 45 996 $aSussi e Biribissi$91484678 997 $aUNISANNIO LEADER 01140nam0-22003371i-450- 001 990005730260403321 005 20061004101630.0 035 $a000573026 035 $aFED01000573026 035 $a(Aleph)000573026FED01 035 $a000573026 100 $a19990604d1968----km-y0itay50------ba 101 0 $aita 105 $ayf------00--- 200 1 $aMiniature Italiane della fondazione Giorgio Cini dal Medioevo al Rinascimento$fschede di Pietro Toesca$gpresentazione di Giuseppe Fiocco 210 $aVenezia-Vicenza$cNeri Pozza$d1968 215 $a66 p., tav.$d22 cm 225 1 $aCataloghi di Mostre$v28 610 0 $aMiniatura$aItalia$aEsposizioni$a1968 610 0 $aDisegni$aCataloghi 676 $a745.670945$v21$zita 676 $a741$v21$zita 710 02$aFondazione Giorgio Cini$0198523 801 0$aIT$bUNINA$gRICA$2UNIMARC 901 $aBK 912 $a990005730260403321 952 $a741 CAT 1 (15)$bST.ARTE 10389$fFLFBC 952 $a741 CAT 1 (15 BIS)$bST.ARTE 10101$fFLFBC 959 $aFLFBC 996 $aMiniature Italiane della fondazione Giorgio Cini dal Medioevo al Rinascimento$9573197 997 $aUNINA LEADER 04115oam 22010934a 450 001 9910741396503321 005 20251026235457.0 035 $a(CKB)4920000003022178 035 $a(oapen)doab113503 035 $a(OCoLC)1336407964 035 $a(MdBmJHUP)musev2_114195 035 $a(EXLCZ)994920000003022178 100 $a20220706d2023 uy 0 101 0 $aeng 135 $aurmn|---annan 181 $ctxt$2rdacontent 182 $cc$2rdamedia 183 $acr$2rdacarrier 200 14$aThe Race with No Finish Line : $eAssessing the Strategy of Regional Great Power Competition / $fMartin Skold 210 1$aQuantico, Virginia :$cMarine Corps University Press,$d2023. 210 4$d©2023. 215 $a1 online resource (440 p.) 300 $aIn scope of the U.S. Government Publishing Office Cataloging and Indexing Program (C&I) and Federal Depository Library Program (FDLP). 311 08$a979-89-85340-41-9 311 08$a979-89-85340-40-2 330 $a"The Race with No Finish Line offers a framework for understanding the strategies of states engaged in competition for regional hegemony. Employing insights drawn from business strategy, the author argues for an essentially asymmetric understanding of fundamental policy goals for states engaged in competition for control of a region of the globe, with one state attempting to maintain a dominant position and another attempting, by focusing limited resources, to supplant it"--$cProvided by publisher. 606 $aStrategy$2fast 606 $aStrategic rivalries (World politics)$2fast 606 $aStrategic aspects of individual places$2fast 606 $aSea-power$2fast 606 $aHegemony$2fast 606 $aGreat powers$xForeign relations$2fast 606 $aGeopolitics$2fast 606 $aBalance of power$2fast 606 $ageopolitics$2aat 606 $aPuissance maritime$zAllemagne$vE?tudes de cas 606 $aPuissance maritime$zGrande-Bretagne$vE?tudes de cas 606 $aGeopolitique 606 $aStrategie 606 $aE?quilibre des puissances 606 $aGrandes puissances$xRelations exterieures 606 $aRivalites strategiques (Politique mondiale) 606 $aHegemonie 606 $aSea-power$zGermany$vCase studies 606 $aSea-power$zGreat Britain$vCase studies 606 $aGeopolitics 606 $aStrategy 606 $aBalance of power 606 $aGreat powers$xForeign relations 606 $aStrategic rivalries (World politics) 606 $aHegemony 607 $aGreat Britain$2fast 607 $aGermany$2fast 607 $aAtlantic Ocean$zNorth Sea$2fast 607 $aNord, Mer du$xAspect strategique$vE?tudes de cas 607 $aNorth Sea$xStrategic aspects$vCase studies 608 $aE?tudes de cas. 608 $aCase studies. 608 $aCase studies 608 $aElectronic books. 615 7$aStrategy 615 7$aStrategic rivalries (World politics) 615 7$aStrategic aspects of individual places 615 7$aSea-power 615 7$aHegemony 615 7$aGreat powers$xForeign relations 615 7$aGeopolitics 615 7$aBalance of power 615 7$ageopolitics. 615 6$aPuissance maritime 615 6$aPuissance maritime 615 6$aGeopolitique. 615 6$aStrategie. 615 6$aE?quilibre des puissances. 615 6$aGrandes puissances$xRelations exterieures. 615 6$aRivalites strategiques (Politique mondiale) 615 6$aHegemonie. 615 0$aSea-power 615 0$aSea-power 615 0$aGeopolitics. 615 0$aStrategy. 615 0$aBalance of power. 615 0$aGreat powers$xForeign relations. 615 0$aStrategic rivalries (World politics) 615 0$aHegemony. 676 $a327.101 700 $aSkold$b Martin$f1983-$01725999 712 02$aMarine Corps University (U.S.).$bPress, 801 0$bMdBmJHUP 801 1$bMdBmJHUP 906 $aBOOK 912 $a9910741396503321 996 $aThe race with no finish line$94131438 997 $aUNINA